000 00329nam a22001457a 4500
003 CEME
005 20210628203928.0
008 210309b xxu||||| |||| 00| 0 eng d
020 _a1-55512-146-2
040 _c.
082 _a621.391 PER'I
245 _aPeripheral components
260 _aUSA
_bINTEL
_c1992
942 _cBK
_2ddc
999 _c575572
_d575572